Statistics for Guess Every Muse Song Based on Its First Line

Click here to take the quiz!

General Stats

  • This quiz has been taken 848 times
    (496 since last reset)
  • The average score is 45 of 101

Answer Stats

LyricSong% Correct
Far away. This ship has taken me far away.Starlight
82%
Killed by drones.Drones
80%
I think I'm drowning, asphyxiated.Time Is Running Out
76%
Baby, don't you know I suffer? Baby, can't you hear me moan?Supermassive Black Hole
75%
Birds flying high. You know how I feel.Feeling Good
73%
Come ride with me through the veins of history.Knights of Cydonia
73%
I've exposed your lies, baby. The underneath's no big surprise.Plug-In Baby
71%
Is our secret safe tonight? And are we out of sight?Resistance
71%
Link it to the world. Link it to yourself.Newborn
67%
You could be my unintended choice to live my life extended.Unintended
67%
Paranoia is in bloom. The PR transmissions will resume.Uprising
67%
It's bugging me, grating me, and twisting me around.Hysteria
66%
You're an animal. Don't take anything less.Animals
65%
Home is becoming a killing field.Reapers
62%
Everything about you is how I'd wanna be. Your freedom comes naturally.Bliss
61%
Wake to see your true emancipation is a fantasy.Supremacy
61%
She had something to confess to, but you don't have the time.Muscle Museum
59%
Can we kiss with poison on our lips? Well, I'm not scared.Verona
59%
Declare this an emergency. Come on and spread a sense of urgency.Apocalypse Please
57%
Controlling my feelings for too long. Forcing our darkest souls to unfold.Showbiz
57%
Come waste your millions here. Secretly she sneers.Sunburn
57%
Race. Life's a race.Survival
57%
Let's push the emperors into the ocean. Don't need a gun to flirt with devotion.Will of the People
56%
Corrupt. You corrupt. And bring corruption to all that you touch.Take a Bow
55%
You got me checking my mirror. You make me feel like I'm on the run.You Make Me Feel like It's Halloween
55%
Open the skies over me. I am waiting patiently.Exopolitics
54%
Fear and panic in the air. I want to be free from desolation and despair.Map of the Problematique
54%
Lips are turning blue. A kiss that can't renew.Sing for Absolution
54%
I can't get these memories out of my mind.Madness
52%
Love, it will get you nowhere. You are on your own.Psycho
52%
I won't stand in your way. Let your hatred grow.Stockholm Syndrome
52%
I never believed that I would concede and let someone trample on me.Won't Stand Down
52%
Change everything you are and everything you were.Butterflies and Hurricanes
51%
You won't get much closer until you sacrifice it all. You won't get to taste it with your face against the wall.Panic Station
50%
H8 is the one for me.Space Dementia
50%
Strung out, falling from the big time. Welcome to the infinite black skies.Thought Contagion
50%
Save me from my superstitions.Save Me
49%
I know you've suffered, but I don't want you to hide.Undisclosed Desires
49%
War is overdue. The time has come for you.Assassin
48%
I'm falling down and fifteen thousand people scream. They were all begging for your dream.Falling Down
48%
When darkness falls and surrounds you.Follow Me
48%
Your golden lies feed my role. In this forgotten space race, under my control.Hypermusic
48%
I'm trapped and my back's up against the wall. I see no solution or exit out.Pressure
48%
Royal Canadian blended. The spicy aroma had mended me.Sober
48%
Break me in. Teach us to cheat.Citizen Erased
47%
You were my oppressor and I have been programmed to obey.The Handler
47%
Take me for a ride. Break me up and steal what's left inside.Liquid State
46%
Floozy. You got me trapped in your dark fantasy world.Propaganda
46%
Revere a million prayers and draw me in to your holiness.Dead Inside
44%
Take, take all you need.The Small Print
44%
Silenced. You'll make us feel silenced.Liberation
43%
Shut down. We are growing spiritless.Euphoria
41%
Paradise comes at a price that I am not prepared to pay.Megalomania
41%
I have lived in darkness. For all my life, I've been pursued.The Dark Side
41%
Burn like a slave. Churn like a cog.Algorithm
40%
It's happening soon, it's happening soon. Its scent has been blowing in my direction.Fillip
40%
Eerie whispers trapped beneath my pillows.Thoughts of a Dying Atheist
40%
You and me are the same. We don't know or care who's to blame.United States of Eurasia
40%
Leave me alone, it's nothing serious. I'll do it myself.Cave
39%
I can't remember when it was good. Moments of happiness in bloom.Falling Away with You
39%
This means nothing to me, 'cause you are nothing to me.Uno
39%
Shame on you for thinking that you're an exception.Dead Star
38%
When hope and love has been lost, and you fall to the ground, you must find a way.Dig Down
38%
Pure hearts stumble. In my hands, they crumble.Guiding Light
38%
Cornered. I'm exhausted with fear.Kill or Be Killed
38%
I'm hungry for some unrest. I wanna push it beyond a peaceful protest.Unnatural Selection
38%
Passing by, you light up my darkest skies.Darkshines
37%
Hands are red with your blame. Megaphone screaming my name.Micro Cuts
37%
Now and then, my mind drifts to a place where I find you.Ghosts (How Can I Move On?)
36%
Help me. I've fallen on the inside.Mercy
36%
Don't kid yourself and don't fool yourself.Blackout
35%
There's a part of me you'll never know.Endlessly
35%
When these pillars get pulled down, it will be you who wears the crown.I Belong to You
35%
My circuits have blown. I know it's self-imposed.Something Human
35%
I'm free from your inciting. You can't brainwash me.Defector
34%
War is all around. I'm growing tired of fighting.Aftermath
33%
Once I hoped to seek the new and unknown.Explorers
33%
You really believe we can survive all of this?We Are Fucking Fucked
33%
Come into my life. Regress into a dream.Hoodoo
32%
The wavelength gently grows. Coercive notions re-evolve.MK Ultra
31%
You were never truly loved. You have only been betrayed.The Globalist
31%
Stay away from me. Build a fortress and shield your beliefs.City of Delusion
30%
How did we get in so much trouble? Getting out just seems impossible.Revolt
30%
Fall into line, you will do as you're told.Compliance
29%
They'll say, no one can see us. That we're estranged and all alone.The Void
28%
Healed. Or are you still just reeling?Big Freeze
27%
Don't dress it up, but don't beat around the bush.Break It to Me
27%
You would say anything and you would try anything.Escape
27%
You're so happy now. Burning a candle at both ends.Fury
27%
Follow through. Make your dreams come true.Invincible
27%
Who's so phoney and always surrounded?Screenager
27%
The truth is that when I am killing in order to survive, I have never felt so alive.Blockades
26%
Rose-tinted view. And satellites that compromise the truth.Glorious
26%
Ignorance pulls apostasy and apathy still rules.Futurism
24%
Repress and restrain still the pressure and the pain.Ruled by Secrecy
20%
I'm hurting you again. Too lonely to pretend like everything is new.In Your World
19%
You needed it when I was away. And no matter what I say, you'll never forget when I wasn't there.Overdue
19%
What we have's the only thing worth fighting for.Get Up and Fight
16%
Throw it all away. Let's lose ourselves.Soldier's Poem
15%
Who's ever known how much to moan and groan and quiver inside?Spiral Static
14%
I am growing tired of allowing you to steal.Hate This & I'll Love You
11%

Score Distribution

Percentile by Number Answered

Percent of People with Each Score

Your Score History

You have not taken this quiz since the last reset